U.S. Commission on Civil Rights Report

Bibliographic Details
Format: eBook
Language:English
Published: [s.l.] : LLMC, 1961.
Subjects:
Online Access:Acceso restringido

MARC

LEADER 00000nam a22000007a 4500
005 2011092202522.0
008 110922s1961 xxu|||||sl||| 00| 0 eng d
035 |a 2533 
040 |a vLex 
090 |c 2535  |d 2535 
245 0 0 |a U.S. Commission on Civil Rights Report  |h [Recurso electrn̤ico] 
256 |a Servicio en ln̕ea. 
260 |a [s.l.] :  |b LLMC,  |c 1961. 
300 |a 1 recurso electrn̤ico 
506 1 |a Contenido solo disponible en los productos indicados  |d vLex Global  |d vLex Global (Academic Edition, excluding Law Schools)  |d vLex Global (U.S. Academic Edition, Law Schools)  |d vLex Global (U.S. Academic Edition, excluding Law Schools)  |d vLex Global (Academic Edition, Law Schools) 
650 0 4 |a Derechos civiles  |z Estados Unidos de Amřica 
740 0 |a vLex Libros (Servicio en ln̕ea) 
856 4 0 |u http://vlex.com/source/us-commission-civil-rights-report-2533  |z Acceso restringido 
942 |c BOOK